00889nam a2200217 a 450000100100000000500170001000800410002704000250006808200190009310000230011224501260013526000600026130000280032150000410034950000340039053400960042465100490052065100470056965000280061670000270064400002191020200930011511.0100914s1973 mx a r 000 0 spa d aDO-SdBNPbspacBNPHU a330.972bR462e1 aReynolds, Clark W.13aLa economía mexicana :bsu estructura y crecimiento en el siglo XX /cClark W. Reynolds ; traducción carlos Villegas. aMéxico, D. F. :bFondo de Cultura Económica,c1973. a521 p. :bil. ;c23 cm. aIncluye bibliografía p. [481-503]. aIncluye índice analítico. aTítulo original en inglés:tThe mexican economy: twentieh-century structure and growth. 4aMéxicoxCondiciones EconómicasySIGLO XX 4aMéxicoxPolítica EconómicaySIGLO XX 4aCrecimiento económico1 aVillegas, Carlos,etr.